<?xml version="1.0" encoding="UTF-8"?>
<collection xmlns="http://www.loc.gov/MARC21/slim">
 <record>
  <leader>01113cam a2200277 7i4500</leader>
  <controlfield tag="001">0000042378</controlfield>
  <controlfield tag="005">20180130090000.0</controlfield>
  <datafield tag="020" ind1="#" ind2="0">
   <subfield code="a">0745628516 </subfield>
  </datafield>
  <datafield tag="020" ind1="#" ind2="0">
   <subfield code="a">9780745628516 </subfield>
  </datafield>
  <datafield tag="040" ind1="#" ind2="#">
   <subfield code="a">OHIOLink</subfield>
  </datafield>
  <datafield tag="090" ind1="0" ind2="0">
   <subfield code="a">HV 40 </subfield>
   <subfield code="b">.R5 2003</subfield>
  </datafield>
  <datafield tag="100" ind1="1" ind2="#">
   <subfield code="a">Rieger, Elmar </subfield>
   <subfield code="e">author </subfield>
  </datafield>
  <datafield tag="245" ind1="1" ind2="0">
   <subfield code="a">Limits to globalization : </subfield>
   <subfield code="b">welfare states and the world economy  </subfield>
   <subfield code="c">by Elmar Rieger, Stephan Leibfried ; translated by Benjamin W. Veghte with the assistance of Elmar Rieger.</subfield>
  </datafield>
  <datafield tag="260" ind1="#" ind2="#">
   <subfield code="a">Cambridge, UK</subfield>
   <subfield code="a">Malden MA: </subfield>
   <subfield code="b">polity: </subfield>
   <subfield code="b">Distributed in the USA by BlackWell Publishing, </subfield>
   <subfield code="c">2003.</subfield>
  </datafield>
  <datafield tag="264" ind1="#" ind2="1">
   <subfield code="a">London: </subfield>
   <subfield code="b">Polity Press, </subfield>
   <subfield code="c">2003.</subfield>
  </datafield>
  <datafield tag="264" ind1="#" ind2="4">
   <subfield code="c">♭2003.</subfield>
  </datafield>
  <datafield tag="300" ind1="#" ind2="#">
   <subfield code="a">xiv, 402 pages: </subfield>
   <subfield code="b">illustrations; </subfield>
   <subfield code="c">26 cm..</subfield>
  </datafield>
  <datafield tag="336" ind1="#" ind2="#">
   <subfield code="a">text</subfield>
   <subfield code="2">rdacontent</subfield>
  </datafield>
  <datafield tag="337" ind1="#" ind2="#">
   <subfield code="a">unmediated</subfield>
   <subfield code="2">rdamedia</subfield>
  </datafield>
  <datafield tag="338" ind1="#" ind2="#">
   <subfield code="a">volume</subfield>
   <subfield code="2">rdacarrier</subfield>
  </datafield>
  <datafield tag="504" ind1="0" ind2="0">
   <subfield code="a">Includes bibliography, references and index</subfield>
  </datafield>
  <datafield tag="650" ind1="0" ind2="0">
   <subfield code="a">Public welfare -- </subfield>
   <subfield code="x">Cross-cultural studies </subfield>
  </datafield>
  <datafield tag="650" ind1="0" ind2="0">
   <subfield code="a">Public welfare -- </subfield>
   <subfield code="x">Economic aspects -- </subfield>
   <subfield code="x">Cross-cultural studies </subfield>
  </datafield>
  <datafield tag="650" ind1="0" ind2="0">
   <subfield code="a">Globalization </subfield>
  </datafield>
  <datafield tag="700" ind1="1" ind2="1">
   <subfield code="a">Leibfried, Stephan(</subfield>
   <subfield code="d">1944-) </subfield>
  </datafield>
  <datafield tag="999" ind1=" " ind2=" ">
   <subfield code="a">1100031017</subfield>
   <subfield code="b">Book</subfield>
   <subfield code="c">Open Shelf</subfield>
   <subfield code="e">KOLEKSI TERBUKA</subfield>
  </datafield>
 </record>
</collection>
